| 000 | 00888cam a22002772 4500 | ||
|---|---|---|---|
| 001 | 15026 | ||
| 003 | BD-RjUL | ||
| 005 | 20211208235733.0 | ||
| 008 | 140209s1960 nyua b 001 0 eng | ||
| 035 | _a(BD-RjUL)15080 | ||
| 040 |
_aDLC _cWSU _dOCL _dUKM _dEQO _dBD-RjUL _beng |
||
| 041 | _aeng | ||
| 082 |
_a629.83 _bTOP |
||
| 100 | 1 |
_aDel Toro, Vincent. _942959 |
|
| 245 | 1 | 0 |
_aPrinciples of control systems engineering / _c Vincent Del Toro [and] Sydney R. Parker. |
| 260 |
_aNew York : _bMcGraw-Hill, _c1960. |
||
| 300 |
_a686 p. : _billus. ; _c24 cm. |
||
| 504 | _aIncludes bibliography and index. | ||
| 650 | 0 |
_aFeedback control systems _xMathematical models. _946776 |
|
| 650 | 0 |
_aComputers. _946777 |
|
| 700 | 1 |
_aParker, Sydney R. _946778 |
|
| 830 | 0 |
_aMcGraw-Hill series in control systems engineering _942120 |
|
| 942 |
_2ddc _cBK |
||
| 999 |
_c15026 _d15026 |
||